| 000 | 00634nam a2200229Ia 4500 | ||
|---|---|---|---|
| 003 | OSt | ||
| 005 | 20220928105030.0 | ||
| 006 | a|||||r|||| 00| 0 | ||
| 007 | ta | ||
| 008 | 220927b |||||||| |||| 00| 0 eng d | ||
| 024 | _a41801 | ||
| 037 | _cTextual | ||
| 040 |
_aSDCL _cSDCL _beng |
||
| 041 |
_2eng _aeng |
||
| 082 | _aO152,1I83:g(Q21:22), N8 | ||
| 100 |
_aMaithaani Uma _9413382 |
||
| 245 | 0 | _aSoor-saahitya ke pauraanik prasang. | |
| 260 |
_aNew Delhi _bNaman Prakashan _c1998 |
||
| 300 |
_a324p. _ccm. |
||
| 942 |
_hO152,1I83:g(Q21:22), N8 _cTEXL _2CC |
||
| 999 |
_c729159 _d729159 |
||